What colour is this? - Statistics

General Stats
  • This quiz has been taken 72 times
  • The average score is 13 of 16
Answer Stats
Picture Answer % Correct
Red
100%
Black
98%
Blue
98%
Green
98%
Pink
98%
Gold
97%
White
97%
Yellow
97%
Orange
94%
Purple
94%
Brown
92%
Silver
83%
Lavender
45%
Magenta
45%
Turquoise
38%
Olive
37%
No matching quizzes found
Score Distribution
Percent of People with Each Score
Percentile by Number Answered
Your Score History
You have not taken this quiz